1108 1879 1645 1937 1019 1878 1677 1093 1105 1945 1679 1045 1635 1654 1755 1467 1189 1458 1633 1521 1031 1373 1101 1384 1067 1784 1063 1653 1131 1046 1173 1750 1859 1198 1603 1145 1117 1343 1986 1424 1056 1800 1037 1820 1758 1054 1379 1295 1011 1731 1212 1249 1394 1547 1321 1433 1179 1498 1685 1385 1183 1374 1243 1802 1163 1870 1408 1705 1713 1182 1223 1411 1848 1620 1226 1975 1445 1972 1019 1944 1305 1558 1934 1517 1515 1679 1314 1141 1999 1694 1767 1634 1017 1901 1380 1218 1659 1399 1039 BCNSPRNW ULIB Ver.6.0+V

เปลี่ยนเป็นภาษาไทย

Change to English
 แสดงรายละเอียดบรรณานุกรม
  กลับหน้าหลัก

Brief Record : Get Marc (ISO 2709) : E-mail record : QR code < ปิดหน้าต่าง
LEADER : 00000nam 2200000uu 4500
001    13399125990
003     ULIB
008    171201s2557||||th 000 0 tha d
020    ^a9786163616838
060    ^aQW545 ส241S
100    ^aสมชาย เอี่ยมอ่อง และยิ่งยศ อวิหิงสานนท์
245    ^aSLE โรคลูปัส Systemic Lupus Erythematosus
250    ^aพิมพ์ครั้งที่ 2
260    ^aกรุงเทพฯ :^bเท็กซ์ แอนด์ เจอร์นัล พับลิเคชั่น,^c2557
300    ^a759 หน้า
650    ^aโรคลูปัส
650    ^aSystemic Lupus Erythematosus
650    ^aSLE
945    ^p0^l0^i25717
999    ^aกัณชพร จุลอักษร
รายการนี้ยังไม่มีแท็ก
คุณยังไม่ได้ล็อกอิน คุณสามารถมีกิจกรรมร่วมกับเว็บไซต์ได้ แต่ต้องล็อกอินก่อน ::
  ล็อกอิน

รายการสื่อสารสนเทศ

ลำดับที่ ประเภท เลขเรียก/บาร์โค้ด สถานที่ สถานะ
1. วิทยาศาสตร์การแพทย์ และสุขภาพ
วิทยาศาสตร์การแพทย์ และสุขภาพ
สถานะ=หนังสือเก่า
QW545 ส241S ฉ.1 
  Barcode: 25717
ห้องสมุดวิทยาเขตนครสวรรค์
►ส่วนจัดเก็บหนังสือเก่า นว.
บนชั้น
  ขอยืม

รายการใกล้เคียง
    ชื่อเรื่อง [SLE โรคลูปัส Systemic Lupus Erythematosus]

    ผู้แต่ง [สมชาย เอี่ยมอ่อง และยิ่งยศ อวิหิงสานนท์]

    หัวเรื่อง [โรคลูปัส]
    หัวเรื่อง [Systemic Lupus Erythematosus]
    หัวเรื่อง [SLE]

BibComment


ยังไม่เคยถูกคอมเมนท์

คอมเมนท์ทรัพยากรรายการนี้
  คอมเมนท์: SLE โรคลูปัส Sys..


 Copyright 2026. Bcnsprnw @Library